<?xml version="1.0" encoding="UTF-8"?>
<record
    xmlns:xsi="http://www.w3.org/2001/XMLSchema-instance"
    xsi:schemaLocation="http://www.loc.gov/MARC21/slim http://www.loc.gov/standards/marcxml/schema/MARC21slim.xsd"
    xmlns="http://www.loc.gov/MARC21/slim">

  <leader>00259nam a22001217a 4500</leader>
  <datafield tag="040" ind1=" " ind2=" ">
    <subfield code="c">HS</subfield>
  </datafield>
  <datafield tag="082" ind1=" " ind2=" ">
    <subfield code="a">140</subfield>
  </datafield>
  <datafield tag="100" ind1=" " ind2=" ">
    <subfield code="a">NA</subfield>
  </datafield>
  <datafield tag="245" ind1=" " ind2=" ">
    <subfield code="a">&#x179A;&#x1785;&#x1793;&#x17B6;&#x179F;&#x1798;&#x17D2;&#x1796;&#x17D0;&#x1793;&#x17D2;&#x1792;&#x1780;&#x179F;&#x17B7;&#x178A;&#x17D2;&#x178B;&#x17B6;&#x1793;</subfield>
  </datafield>
  <datafield tag="260" ind1=" " ind2=" ">
    <subfield code="a">RUA</subfield>
    <subfield code="b">NA</subfield>
    <subfield code="c">2011</subfield>
  </datafield>
  <datafield tag="300" ind1=" " ind2=" ">
    <subfield code="a">139p;</subfield>
  </datafield>
  <datafield tag="942" ind1=" " ind2=" ">
    <subfield code="c">KB</subfield>
  </datafield>
  <datafield tag="999" ind1=" " ind2=" ">
    <subfield code="c">9341</subfield>
    <subfield code="d">9341</subfield>
  </datafield>
  <datafield tag="952" ind1=" " ind2=" ">
    <subfield code="0">0</subfield>
    <subfield code="1">0</subfield>
    <subfield code="4">0</subfield>
    <subfield code="6">140_000000000000000_NA_2011_C022</subfield>
    <subfield code="7">0</subfield>
    <subfield code="9">51156</subfield>
    <subfield code="a">LBC</subfield>
    <subfield code="b">LBC</subfield>
    <subfield code="c">C022</subfield>
    <subfield code="d">2016-08-31</subfield>
    <subfield code="o">140 NA 2011 C022 </subfield>
    <subfield code="p">RUA043091</subfield>
    <subfield code="r">2016-09-27</subfield>
    <subfield code="y">KB</subfield>
  </datafield>
  <datafield tag="952" ind1=" " ind2=" ">
    <subfield code="0">0</subfield>
    <subfield code="1">0</subfield>
    <subfield code="4">0</subfield>
    <subfield code="6">140_000000000000000_NA_2011_C022</subfield>
    <subfield code="7">0</subfield>
    <subfield code="9">51157</subfield>
    <subfield code="a">LBC</subfield>
    <subfield code="b">LBC</subfield>
    <subfield code="c">C022</subfield>
    <subfield code="d">2016-08-31</subfield>
    <subfield code="o">140 NA 2011 C022 </subfield>
    <subfield code="p">RUA042971</subfield>
    <subfield code="r">2016-09-27</subfield>
    <subfield code="y">KB</subfield>
  </datafield>
  <datafield tag="952" ind1=" " ind2=" ">
    <subfield code="0">0</subfield>
    <subfield code="1">0</subfield>
    <subfield code="4">0</subfield>
    <subfield code="6">1407_000000000000000_NA_2011_C244</subfield>
    <subfield code="7">0</subfield>
    <subfield code="9">51165</subfield>
    <subfield code="a">LBC</subfield>
    <subfield code="b">LBC</subfield>
    <subfield code="c">C244</subfield>
    <subfield code="d">2016-08-31</subfield>
    <subfield code="o">1407 NA 2011 C244</subfield>
    <subfield code="p">RUA043267</subfield>
    <subfield code="r">2016-08-31</subfield>
    <subfield code="y">KB</subfield>
  </datafield>
</record>
